| 000 | 01355nam2a2200241 4500 | ||
|---|---|---|---|
| 001 | RU\NLR\BIBL_A\022073181 | ||
| 005 | 20250625111414.0 | ||
| 035 | _a(NLR Aleph) 022073181 | ||
| 090 |
_a12666134 _c12666134 |
||
| 100 | _a20080428d1914 |||y0rusy50 ca | ||
| 101 | 1 |
_arus _ceng |
|
| 102 | _aRU | ||
| 105 | _aa z 000ay | ||
| 200 | 1 |
_aЧерная стрела _eповесть из времен войны Алой и Белой розы _fперевод А. П. Репиной _gс 8 иллюстрациями Г. М. Пэджета |
|
| 210 |
_d[1914] _aБ. м. |
||
| 215 |
_a128 с. _cил. |
||
| 461 | 0 |
_1001v19\rc\1960785 _12001#$aПолное собрание романов, повестей и рассказов Роберта Льюиса Стивенсона$e[перевод]$v[Кн. 11] _1700#1$aСтивенсон$bР. Л.$f1850-1894$gРоберт Льюис$3RU\NLR\AUTH\771316 _96932019 _aСтивенсон, Р. Л. (1850-1894) _cСанкт-Петербург _d[1913-1914] _nИзд-во П. П. Сойкина _o[перевод] _tПолное собрание романов, повестей и рассказов Роберта Льюиса Стивенсона _v[Кн. 11] |
|
| 702 | 1 |
_aПэджет _bГ. М. _4440 |
|
| 852 |
_aNLR _j34.86.7.47(11) |
||
| 942 | _cBOOK | ||
| 980 | _aNB | ||